000 00498nam a2200181Ia 4500
003 IN-BaIIA
008 211028s9999 xx 000 0 eng d
020 _a0-07-463039-3
040 _cIIA Library
080 _a53
_bBEI
100 _aBeiser, Arthur
_97976
245 0 _aConcepts of modern physics
_cArthur Beiser
250 _a5th ed.
260 _aNew-Delhi
_bTata McGraw-Hill
_c1995
300 _axvi,534p.
650 _aPhysics
_973
942 _cBK
999 _c13312
_d13312